Goleadores de River S. XXI - Estadísticas

Estadísticas generales
  • Esta prueba ha sido intentada 18 veces
  • La puntuación promedio es 11 de 20
Estadísticas de respuestas
Goles Jugador % Correcto
54 Julián Álvarez
94%
111 Fernando Cavenaghi
88%
62 Miguel Borja
88%
55 Rafael Santos Borré
81%
37 Gonzalo Martínez
75%
41 Lucas Alario
69%
40 Sebastián Driussi
69%
42 Ignacio Fernández
63%
45 Radamel Falcao
63%
41 Rodrigo Mora
56%
39 Ariel Ortega
50%
38 Ignacio Scocco
50%
43 Marcelo Gallardo
50%
36 Nicolás De La Cruz
50%
28 Teófilo Gutiérrez
44%
28 Ándres D'Alessandro
31%
40 Matías Suárez
19%
49 Ernesto Farías
13%
38 Martín Cardetti
13%
30 Pablo Solari
6%
No se encontraron pruebas coincidentes
Distribución de puntuación
Porcentaje de gente con cada puntuación
Porcentaje por número respondido
Historial de tus puntuaciones
No has intentado esta prueba.